| 000 | 00989cab a2200253 4500 | ||
|---|---|---|---|
| 001 | X2437 | ||
| 008 | 090401t1995 xxu||||| |||| 00| 0 eng d | ||
| 035 | _a(Sirsi) u24235 | ||
| 041 | _aeng | ||
| 245 | _aBankers Trust v Namdar | ||
| 260 | _c1995 | ||
| 350 | _a0 | ||
| 490 |
_aNew Property Cases _v(1995) NPC 139 |
||
| 520 | _aChD 18 July 1995. A mortgagee may not subrogate on the basis of an obligation which is only assumed contingently and the doctrin of `partial performance` is used to form the basis of an application under s30 Law of Property Act 1925 on the basis that by mortgaging his property and/or leaving his family, a husband had terminated a collateral purpose overriding the duty to sell a co-owned family home. Not to be photocopied. | ||
| 650 | _aBANKS | ||
| 650 | _aFAMILY HOME | ||
| 650 | _aMATRIMONIAL HOME | ||
| 650 | _aMORTGAGES | ||
| 650 | _aPOSSESSION | ||
| 650 | _aSUBROGATION | ||
| 690 | _aHOUSING-FINANCE | ||
| 942 | _n0 | ||
| 948 | _c04/03/1997 | ||
| 999 |
_c16240 _d16240 |
||